ბათუმის შოთა რუსთაველის სახელმწიფო უნივერსიტეტის ბიბლიოთეკა

საჯარო ფინანსები : (ბიბ.ჩანაწერი № 51620)

000 -ლიდერი
ფიქსირებული სიგრძის საკონტროლო ველი 01129nam a2200253Ia 4500
001 - საკონტროლო ნომერი
საკონტროლო ველი 18611
003 - საკონტროლო ნომრის იდენტიფიკატორი
საკონტროლო ველი GE_BSU
005 - ბოლო ოპერაციის თარიღი და დრო
საკონტროლო ველი 20230915153242.0
008 - ფიქსირებული სიგრძის მონაცემთა ელემენტები - ზოგადი ინფორმაცია
ფიქსირებული სიგრძის საკონტროლო ველი 181216s2012||||ge |||||||||||||| ||geo||
020 ## - წიგნის საერთაშორისო სტანდარტული ნომერი
International Standard Book Number 9789941920080
040 ## - კატალოგიზაციის წყარო
Transcribing agency GE_BSU
041 ## - ენის კოდი
Language code of text/sound track or separate title geo
080 ## - უნივერსალური ათობითი კლასიფიკაციის ინდექსი
Universal Decimal Classification number 336.14(075.8) მ-58
100 ## - მთავარი ჩანაწერი - პიროვნების სახელი
Personal name მესხია, იაკობ
9 (RLIN) 19825
245 ## - ცნობა სათაურის შესახებ
Title საჯარო ფინანსები :
Remainder of title გადასახადები და ბიუჯეტი /
Statement of responsibility, etc იაკობ მესხია, დავით ჭიოტაშვილი; [რედ. გედევან ხელაია].
264 ## - წარმოების, გამოცემის, დისტრიბუციის და სხვა ცნობები
გამოცემის, წარმოების, დისტრიბუციის... ადგილი თბილისი,
გამოცემის, წარმოების, დისტრიბუციის... თარიღი 2012.
300 ## - ფიზიკური აღწერა
Extent 618 გვ.;
Other physical details 20 სმ.
653 ## - INDEX TERM--UNCONTROLLED
Uncontrolled term ეკონომიკა
653 ## - INDEX TERM--UNCONTROLLED
Uncontrolled term საჯარო ფინანსები
653 ## - INDEX TERM--UNCONTROLLED
Uncontrolled term სახელმწიფო ბიუჯეტი. გადასახადები
700 ## - ADDED ENTRY--PERSONAL NAME
Personal name ჭიოტაშვილი, დავით
Relator term ავტორი
9 (RLIN) 19826
700 ## - ADDED ENTRY--PERSONAL NAME
Personal name ხელაია, გედევან
Relator term რედაქტორი
9 (RLIN) 19827
942 ## - ADDED ENTRY ELEMENTS (KOHA)
Koha item type წიგნი
Source of classification or shelving scheme
ეგზემპლარები
ჩამოწერის სტატუსი დაკარგული ეგზემპლარის სტატუსი კლასიფიკაციის წყარო ან თაროზე გაწყობის სქემა დაზიანების სტატუსი არ გაიცემა მუდმივი მდებარეობა (დაცვის ადგილი) ამჟამინდელი ადგილსამყოფელი შეძენის თარიღი სრული შენახვის შიფრი შტრიხკოდი ბოლო ოპერაციის თარიღი ეგზემპლარის მიმდევრობითი ნომერი (კეტერი?) ფასის ძალაში შესვლის თარიღი ეგზემპლარის სახეობა
          ბათუმის შოთა რუსთაველის სახელმწიფო უნივერსიტეტის მთავარი ბიბლიოთეკა ბათუმის შოთა რუსთაველის სახელმწიფო უნივერსიტეტის მთავარი ბიბლიოთეკა 2018-12-17 336.14(075.8) მ-58 48140 2018-12-17 48140 2018-12-17 წიგნი